| Tag |
First Indicator |
Second Indicator |
Subfields |
| LEADER |
00000cam a2200000 a 4500 |
| 001 |
in00001552021 |
| 005 |
20151022062403.0 |
| 008 |
980227s1998 nyua b 000 0 eng |
| 010 |
|
|
|a 98013996
|
| 020 |
|
|
|a 0448418886 (GB)
|
| 020 |
|
|
|a 0448418436 (pbk.)
|
| 035 |
|
|
|a (OCoLC)ocm38602711
|
| 040 |
|
|
|a DLC
|c DLC
|d UtOrBLW
|
| 042 |
|
|
|a lcac
|
| 049 |
|
|
|a TXAM
|
| 050 |
0 |
0 |
|a QB641
|b .D46 1998
|
| 082 |
0 |
0 |
|a 523.43
|2 21
|
| 100 |
1 |
|
|a Demuth, Patricia.
|
| 245 |
1 |
0 |
|a Mars :
|b the red planet /
|c by Patricia Demuth ; illustrated by Stephen Marchesi with photographs.
|
| 264 |
|
1 |
|a New York :
|b Grosset & Dunlap,
|c [1998]
|
| 264 |
|
4 |
|c ©1998
|
| 300 |
|
|
|a 32 pages :
|b color illustrations ;
|c 24 cm.
|
| 336 |
|
|
|a text
|b txt
|2 rdacontent
|
| 337 |
|
|
|a unmediated
|b n
|2 rdamedia
|
| 338 |
|
|
|a volume
|b nc
|2 rdacarrier
|
| 490 |
1 |
|
|a All aboard reading
|
| 500 |
|
|
|a "Level 2, grades 2-3."
|
| 520 |
|
|
|a Reviews the history of Earth's observation of the red planet since ancient times, explores the results of modern scientific studies carried out by telescope, satellite, and landing probe, and speculates on a future human landing.
|
| 651 |
|
0 |
|a Mars (Planet)
|v Juvenile literature.
|
| 651 |
|
1 |
|a Mars (Planet)
|
| 700 |
1 |
|
|a Marchesi, Stephen,
|e illustrator.
|
| 830 |
|
0 |
|a All aboard reading.
|
| 948 |
|
|
|a cataloged
|b h
|c 2000/12/12
|d c
|e pkellar
|f 10:36:16 am
|
| 994 |
|
|
|a E0
|b TXA
|
| 999 |
|
|
|a MARS
|
| 999 |
f |
f |
|s adedd41f-55b1-3c8d-bd63-4dc7a2da8a91
|i e5e50110-34ef-3623-9647-a9bdf0b0e8d5
|t 0
|
| 952 |
f |
f |
|p ric
|a Texas A&M University
|b Rellis Campus
|c Joint Library Facility
|d Remote Storage
|t 0
|e QB641 .D46 1998
|h Library of Congress classification
|i unmediated -- volume
|m A14827011150
|
| 998 |
f |
f |
|a QB641 .D46 1998
|t 0
|l Remote Storage
|